[Event "16th HZ Open"]
[Site "Vlissingen NED"]
[Date "2012.08.05"]
[Round "3"]
[White "Reinderman,D"]
[Black "White,Mi"]
[Result "1-0"]
[WhiteElo "2583"]
[BlackElo "2346"]

1.c4 b6 2.Nc3 Bb7 3.e4 e6 4.Nge2 f5 5.exf5 exf5 6.d4 Nf6 7.a3 g6 8.d5 Na6
9.g3 Nc5 10.Bg2 Bg7 11.O-O O-O 12.f3 a5 13.Be3 Qe7 14.Bf2 Qf7 15.b4 axb4
16.axb4 Rxa1 17.Qxa1 Ra8 18.Qd1 Na6 19.Qb3 Bf8 20.b5 Nc5 21.Qb1 Ne8 22.f4 Nd6
23.Bxc5 bxc5 24.Qb3 Qe7 25.Rf3 Bg7 26.Bf1 h6 27.Rd3 Kh7 28.h4 Bf6 29.Bg2 g5
30.hxg5 hxg5 31.fxg5 Bxg5 32.Bf3 Kg6 33.Nd1 Ne4 34.Nf2 Nd2 35.Qc2 Ra1+ 36.Kg2 Nxf3
37.Rxf3 Qe5 38.g4 Re1 39.Ng3 c6 40.Rxf5 Qa1 41.Re5+ Kh6 42.Nf5+ Kh7 43.Nd6+ Kh8
44.Rxg5 Rg1+ 45.Kh2  1-0

[Event "Atalik vs Atalik Blitz"]
[Site "Halkidiki GRE"]
[Date "2012.08.09"]
[Round "6"]
[White "Atalik,E"]
[Black "Atalik,S"]
[Result "1-0"]
[WhiteElo "2453"]
[BlackElo "2606"]

1.c4 b6 2.d4 Nf6 3.Nc3 Bb7 4.d5 e5 5.e4 Bb4 6.Bd3 Bxc3+ 7.bxc3 d6 8.Ne2 Nbd7
9.Ng3 O-O 10.O-O Nc5 11.f4 exf4 12.Bxf4 Nfd7 13.Nf5 Ne5 14.Bxe5 dxe5 15.Bc2 Bc8
16.Rf3 Bxf5 17.Rxf5 f6 18.Qg4 Qe8 19.Raf1 Qg6 20.Qh4 Nb7 21.R5f3 Nd6 22.Rg3 Qf7
23.Bd1 g6 24.Bg4 Kh8 25.Be6 Qg7 26.Rgf3 g5 27.Qh5 Nxe4 28.Bf5 Nd6 29.Bxh7 Qxh7
30.Qg4 Kg8 31.Rxf6 Rxf6 32.Rxf6 Rf8 33.Qxg5+ Qg7 34.Rg6 Rf7 35.Rxg7+ Rxg7
36.Qxe5 Rg4 37.Qe6+  1-0

[Event "2nd Split Open 2012"]
[Site "Split CRO"]
[Date "2012.08.16"]
[Round "6.14"]
[White "Franciskovic,B"]
[Black "Sale,S"]
[Result "0-1"]
[WhiteElo "2258"]
[BlackElo "2389"]

1.c4 b6 2.Nf3 Bb7 3.g3 Bxf3 4.exf3 c5 5.d4 Nc6 6.d5 Nd4 7.Be3 Nf5 8.Bd3 Nxe3
9.fxe3 g6 10.Nc3 Bg7 11.O-O Nf6 12.Qc2 O-O 13.Rae1 e5 14.dxe6 dxe6 15.Be2 Qe7
16.Rd1 Rfd8 17.b3 Ne8 18.Rxd8 Rxd8 19.Rd1 Nd6 20.Rd3 h5 21.Nd1 h4 22.Kg2 hxg3
23.hxg3 Be5 24.f4 Bf6 25.Bf3 Kg7 26.Nf2 e5 27.fxe5 Bxe5 28.Ng4 Nf5 29.Rxd8 Qxd8
30.e4 Nd4 31.Qd2 Qd6 32.Qh6+ Kg8 33.Nxe5 Qxe5 34.Qf4 Nc6 35.Kh3 Kg7 36.Bg4 Qa1
37.Bf3 Ne5 38.Bg2 Qd4 39.g4 Nd3 40.Qf3 f6 41.g5 fxg5 42.Qg3 Nf4+ 43.Kh2 Kf6
44.Qg4 Qf2  0-1

[Event "e2e4 Gatwick Masters A 2012"]
[Site "Crawley ENG"]
[Date "2012.08.19"]
[Round "3.1"]
[White "Merry,Alan B"]
[Black "White,Mi"]
[Result "1-0"]
[WhiteElo "2210"]
[BlackElo "2346"]

1.c4 b6 2.Nc3 Bb7 3.e4 e6 4.Nge2 f5 5.exf5 exf5 6.d4 Nf6 7.Bf4 Bb4 8.Qb3 Na6
9.O-O-O O-O 10.f3 Qe7 11.Ng3 Bxc3 12.Qxc3 g6 13.h4 h5 14.Ne2 Kg7 15.Bg5 b5
16.Nf4 Rae8 17.cxb5 Nb4 18.Bc4 d5 19.Bb3 c5 20.Rhe1 Qd7 21.Rxe8 Qxe8 22.dxc5 a5
23.Re1 Qxb5 24.Bxf6+ Rxf6 25.Re7+ Kg8 26.Qxf6 Qxc5+ 27.Kd2  1-0

[Event "ZMDI Open A 2012"]
[Site "Dresden GER"]
[Date "2012.08.19"]
[Round "2"]
[White "Hansch,Ka"]
[Black "Meissner,F"]
[Result "1/2-1/2"]
[WhiteElo "2019"]
[BlackElo "2242"]

1.c4 b6 2.e4 Bb7 3.Nc3 e6 4.g3 f5 5.Bg2 Nf6 6.d3 fxe4 7.Nge2 Bb4 8.O-O Nc6
9.dxe4 O-O 10.a3 Be7 11.h3 e5 12.b4 a5 13.b5 Nb8 14.Be3 d6 15.f4 Nbd7 16.g4 Nc5
17.Bxc5 bxc5 18.Nd5 Nxd5 19.exd5 Qd7 20.Be4 g6 21.Qd3 Bf6  1/2-1/2

[Event "12th World Uni Men"]
[Site "Guimaraes POR"]
[Date "2012.08.21"]
[Round "4.12"]
[White "Jarvinen,R"]
[Black "Gaehler,M"]
[Result "1/2-1/2"]
[WhiteElo "2203"]
[BlackElo "2302"]

1.c4 b6 2.Nf3 Bb7 3.e3 c5 4.b3 e6 5.Bb2 Nf6 6.Be2 Be7 7.O-O O-O 8.d4 cxd4
9.Nxd4 d5 10.cxd5 Nxd5 11.Nd2 Nc6 12.Nxc6 Bxc6 13.Rc1 Bb7 14.Nf3 Bf6 15.Bxf6 Qxf6
16.Qd4 Rac8 17.Qxf6 gxf6 18.Nd4 Nc3 19.Bc4 Nd5 20.Be2 Nc3 21.Bc4 Nd5 22.Be2  1/2-1/2

[Event "2nd Isthmia Open A"]
[Site "Korinthia GRE"]
[Date "2012.08.22"]
[Round "6.21"]
[White "Dorfanis,I"]
[Black "Kokkalis,V"]
[Result "0-1"]
[WhiteElo "2239"]
[BlackElo "2072"]

1.c4 b6 2.Nc3 Bb7 3.e4 e6 4.d4 Bb4 5.Qc2 Bxc3+ 6.bxc3 Ne7 7.Nf3 f5 8.Bd3 O-O
9.Ba3 fxe4 10.Bxe4 Bxe4 11.Qxe4 Nbc6 12.O-O Rf6 13.d5 Na5 14.Ng5 Ng6 15.dxe6 dxe6
16.Nxe6 Qe8 17.Rae1 Rc8 18.f4 c5 19.f5 Nf8 20.Bc1 h6 21.Qg4 Qf7 22.h3 Kh8
23.Rf3 Re8 24.Qe4 Nxe6 25.fxe6 Rexe6 26.Qa8+ Kh7 27.Ref1 Rxf3 28.Rxf3 Rf6
29.Qe4+ Qg6 30.Re3 Rd6 31.Kh2 Qxe4 32.Rxe4 Rd3 33.Re7 Nxc4 34.Rxa7 Rxc3 35.Bf4 Ra3
36.Bb8 Kg6 37.Rxa3 Nxa3 38.Kg3 Kf5 39.Kf3 Nb5 40.Ke3 Ke6 41.Kd3 Kd5 42.a4 Nd6
43.Bc7 Kc6 44.Bd8 Nf5 45.Ke4 Nd6+ 46.Kd3 Nf7 47.Be7 Kd5 48.Bf8 g6 49.Kc3 h5
50.Be7 Ne5 51.Bd8 Kc6 52.Bf6 Nd7 53.Bd8 Nf8 54.g4 Ne6 55.gxh5 Nxd8 56.hxg6 Ne6
57.h4 Ng7 58.Kd3 Kd5 59.Kc3 c4 60.Kd2 Kd4 61.Kc2 c3 62.Kc1 Kd3 63.Kd1 Nh5
64.Kc1 c2  0-1

[Event "27th Schwarzacher Open"]
[Site "Schwarzach AUT"]
[Date "2012.08.23"]
[Round "6.6"]
[White "Banas,J"]
[Black "Bukal,V jr"]
[Result "0-1"]
[WhiteElo "2285"]
[BlackElo "2418"]

1.c4 b6 2.Nc3 e6 3.Nf3 Bb7 4.e4 Bb4 5.Bd3 Ne7 6.O-O O-O 7.a3 Bxc3 8.dxc3 d6
9.Nd4 e5 10.Nc2 Nd7 11.b4 f5 12.exf5 Nxf5 13.f3 Qe7 14.Ne3 Nxe3 15.Bxe3 Qf7
16.Qc2 Nf6 17.Bg5 h6 18.Bxf6 Qxf6 19.Bh7+ Kh8 20.Be4 Bxe4 21.fxe4 Qg5 22.Qd3 Rf4
23.Rxf4 exf4 24.Qd5 Re8 25.Qxg5 hxg5 26.Re1 g4 27.Kf2 g5 28.h3 gxh3 29.gxh3 Kg7
30.a4 Kf6 31.a5 bxa5 32.bxa5 Re5 33.Kf3 Rxa5 34.h4 gxh4 35.Kxf4 h3 36.Kg4 h2
37.Rh1 Rg5+ 38.Kf4 Rh5 39.Kg4 Rh8 40.Kf4 a5  0-1

[Event "ZMDI Open A 2012"]
[Site "Dresden GER"]
[Date "2012.08.25"]
[Round "8"]
[White "Paul,Jo"]
[Black "Bar,Av"]
[Result "1-0"]
[WhiteElo "2261"]
[BlackElo "2150"]

1.c4 b6 2.Nf3 Bb7 3.g3 Nf6 4.Bg2 g6 5.d4 Bg7 6.O-O O-O 7.Re1 Ne4 8.Ng5 d5
9.cxd5 Nxg5 10.Bxg5 c6 11.Nc3 cxd5 12.Qd2 Re8 13.Rac1 Qd7 14.h4 Nc6 15.Nxd5 Rac8
16.Red1 Nxd4 17.Rxc8 Bxc8 18.Rc1 Qg4 19.Nxe7+ Rxe7 20.Bxe7 Nxe2+ 21.Qxe2 Qxe2
22.Rxc8+ Bf8 23.Bxf8 h5 24.Bb4+ Kg7 25.Bc3+ f6 26.Rc7+ Kf8 27.Bxf6 Qe1+ 28.Bf1 Qe6
29.Be7+ Kg7 30.Bb4+  1-0

[Event "e2e4 Hinckley Open 2012"]
[Site "Hinckley ENG"]
[Date "2012.08.26"]
[Round "4.22"]
[White "Stepanyan,Henrik"]
[Black "Pritchard,D"]
[Result "1-0"]
[WhiteElo "2022"]
[BlackElo "2018"]

1.c4 b6 2.Nc3 Bb7 3.e4 e6 4.d4 Bb4 5.Bd3 f5 6.Qh5+ g6 7.Qe2 fxe4 8.Bxe4 Nc6
9.Nf3 Qf6 10.O-O Bxc3 11.bxc3 Nge7 12.Bg5 Qg7 13.d5 Nd8 14.dxe6 d6 15.Bxb7 Nxb7
16.Qe4 Rb8 17.Bxe7 Qxe7 18.Qc6+ Kf8 19.Nd4 Kg7 20.Rae1 Na5 21.Qd5 Rhe8 22.f4  1-0

[Event "BDO Premier 2012"]
[Site "Haarlem NED"]
[Date "2012.08.30"]
[Round "6.5"]
[White "Kuzmicz,K"]
[Black "De Jager,J"]
[Result "0-1"]
[WhiteElo "2464"]
[BlackElo "2404"]

1.c4 b6 2.Nc3 Bb7 3.e4 e6 4.Nf3 Bb4 5.Bd3 Bxc3 6.bxc3 d6 7.Bc2 Nf6 8.Qe2 e5
9.O-O Nfd7 10.d3 h6 11.g3 g5 12.h4 Rg8 13.Qe3 Nc6 14.hxg5 hxg5 15.Nxg5 Qe7
16.f4 O-O-O 17.f5 Rg7 18.Nh3 Rh8 19.Kg2 Qh4 20.Rh1 Ne7 21.Nf2 Nxf5 22.Rxh4 Nxe3+
23.Bxe3 Rxh4 24.Rf1 f5 25.Kf3 Rh2 26.Bb1 fxe4+ 27.dxe4 Nc5 28.Bxc5 bxc5 29.Bd3 Rf7+
30.Ke3 Rg2 31.g4 Bc6 32.Be2 Bd7  0-1

[Event "11th Kesarovski-Stanchev Mem"]
[Site "Sunny Beach BUL"]
[Date "2012.09.04"]
[Round "4.46"]
[White "Popov,P"]
[Black "Steiner,Th2"]
[Result "1/2-1/2"]
[WhiteElo "2243"]
[BlackElo "1907"]

1.c4 b6 2.Nf3 Bb7 3.b3 e6 4.e3 f5 5.Bb2 Nf6 6.d3 g6 7.Nc3 Bg7 8.g3 c5 9.Bg2 Nc6
10.O-O O-O 11.Qe2 d6 12.Rfd1 Qe7 13.d4 e5 14.Nd5 Nxd5 15.cxd5 Nd8 16.dxe5 dxe5
17.Nd2 Nf7 18.f4 exf4 19.Bxg7 Kxg7 20.gxf4 Rfe8 21.Nc4 Rad8 22.Rd3 Ba6 23.Rad1 Nd6
24.Qc2 Qf6 25.a4 Re7 26.Rc3 Nf7 27.Qd2 Red7 28.a5 Rb8 29.axb6 axb6 30.Ra1 Bb5
31.Ra2 Rbb7 32.Rcc2 Ra7 33.h3 Rdb7 34.Kh2 Rd7  1/2-1/2

[Event "DYTM KL Open 2012"]
[Site "Kuala Lumpur MAS"]
[Date "2012.09.18"]
[Round "2.10"]
[White "Vakhidov,T"]
[Black "Legaspi,E"]
[Result "1-0"]
[WhiteElo "2477"]
[BlackElo "2124"]

1.c4 b6 2.Nc3 Bb7 3.e4 e6 4.Nge2 d6 5.d4 Nf6 6.f3 Nbd7 7.Be3 Be7 8.Qd2 a6
9.d5 e5 10.Ng3 h5 11.Bd3 g6 12.O-O h4 13.Nge2 Nh5 14.g4 hxg3 15.hxg3 Bf6
16.Kg2 Qe7 17.b4 Kf8 18.Rh1 Kg7 19.a3 Rag8 20.Rh3 Nf4+ 21.gxf4 Rxh3 22.Kxh3 exf4
23.Bxf4 Ne5 24.Kg2 Rh8 25.Rf1 Bc8 26.Ng1 g5 27.Bg3 Ng6 28.Nce2 Be5 29.f4 gxf4
30.Nxf4 Bxf4 31.Rxf4 Nxf4+ 32.Qxf4 f6 33.c5 bxc5 34.bxc5 dxc5 35.e5 Bd7 36.exf6+  1-0

[Event "21st TCh-CRO 1b 2012"]
[Site "Sibenik CRO"]
[Date "2012.09.25"]
[Round "3.3"]
[White "Muse,D"]
[Black "Filipovic,Br"]
[Result "1/2-1/2"]
[WhiteElo "2395"]
[BlackElo "2390"]

1.c4 b6 2.Nc3 e6 3.e4 Bb7 4.Nge2 c5 5.g3 Nf6 6.Bg2 h5 7.h3 a6 8.d3 Qc7 9.a3 Nc6
10.Be3 d6 11.O-O  1/2-1/2

[Event "21st TCh-CRO 1a 2012"]
[Site "Sibenik CRO"]
[Date "2012.09.27"]
[Round "5.13"]
[White "Sinanovic,M"]
[Black "Lenic,L"]
[Result "0-1"]
[WhiteElo "2400"]
[BlackElo "2640"]

1.c4 b6 2.b3 Bb7 3.Bb2 Nf6 4.Nf3 e6 5.e3 Be7 6.Be2 O-O 7.O-O d5 8.d4 c5 9.Nbd2 Nbd7
10.Rc1 Rc8 11.Ne5 Rc7 12.f4 Qa8 13.Bf3 Rd8 14.Qe1 cxd4 15.exd4 Nf8 16.Qe3 Rdc8
17.Nb1 dxc4 18.bxc4 Bxf3 19.Rxf3 Ne4 20.Ba3 Nd6 21.Bxd6 Bxd6 22.Nd2 Bb4 23.f5 f6
24.Ng4 exf5 25.Rxf5 Bxd2 26.Qxd2 Rxc4 27.Rxc4 Rxc4 28.Ne3 Qe4 29.Nxc4 Qxf5
30.d5 Nd7 31.h3 Qb1+ 32.Kh2 Qe4 33.Ne3 Kf7 34.Kh1 Nc5 35.Qf2 h5 36.Qg3 h4
37.Qf2 g6 38.Qd2 Qd3 39.Qf2 Ne4 40.Qf4 Ng3+ 41.Kh2 Qxe3  0-1

[Event "21st TCh-CRO w 2012"]
[Site "Sibenik CRO"]
[Date "2012.09.28"]
[Round "7.21"]
[White "Franciskovic,B"]
[Black "Kruljac,P"]
[Result "1-0"]
[WhiteElo "2248"]
[BlackElo "2069"]

1.c4 b6 2.Nf3 Bb7 3.e3 e6 4.Be2 Nf6 5.O-O c5 6.b3 Be7 7.Bb2 O-O 8.d4 cxd4
9.Nxd4 d5 10.Nc3 Nbd7 11.cxd5 Nxd5 12.Nxd5 Bxd5 13.Rc1 Rc8 14.Rxc8 Qxc8 15.Nf5 exf5
16.Qxd5 Nf6 17.Qe5 Qe6 18.Rc1 Qxe5 19.Bxe5 Nd5 20.Rd1 Rd8 21.Bc4 Nb4 22.Rxd8+ Bxd8
23.a3 Nc6 24.Bc3 Bc7 25.f4 Bd6 26.Bb5 Ne7 27.b4 a5 28.bxa5 bxa5 29.a4 Bc7
30.Kf2 Bb6 31.Kf3 Nd5 32.Bd2 Kf8 33.Bc6 Nb4 34.Bb7 Nd3 35.Bc3 Nc5 36.Bc6 Ne6
37.h3 Ke7 38.g4 fxg4+ 39.hxg4 f6 40.Be4 h6 41.Bd5 Nc5 42.Bc6 Kd6 43.Bb5 Kd5
44.Bb2 Ne4 45.Bc6+ Kxc6 46.Kxe4 Kd6 47.f5 Bc5 48.Kd3 Kc6 49.e4 Bd6 50.Bc3 Bc7
51.Kc4 Bd8 52.Bd4 Be7 53.Bc3 Bd8 54.e5 fxe5 55.Bxe5 Bf6 56.Bf4 Be7 57.Bd2 Bd8
58.Bc3 Bf6 59.Bxa5 Kd6 60.Bb6 Kc6 61.Bd4  1-0

[Event "TCh-FIN SM 2012-13"]
[Site "Jyvaskyla FIN"]
[Date "2012.09.29"]
[Round "2.5"]
[White "Jarvinen,R"]
[Black "Laihonen,P"]
[Result "1/2-1/2"]
[WhiteElo "2214"]
[BlackElo "2255"]

1.c4 b6 2.Nf3 c5 3.d4 cxd4 4.Nxd4 Bb7 5.Nc3 Nf6 6.Bg5 Ne4 7.Nxe4 Bxe4 8.e3 Nc6
9.Nb5 f6 10.Nc3 Bg6 11.Bh4 e6 12.Be2 Bb4 13.Qb3 Qe7 14.a3 Bd6 15.O-O Rc8
16.Rfd1 O-O 17.Rd2 Rfd8 18.Rad1 Be5 19.Nb5 Be8 20.Bg3 Bxg3 21.hxg3 Rb8 22.Nd6 Bg6
23.Qa4 a5 24.Bf3 Ne5 25.Bb7 Rf8 26.Qb5 Qd8 27.b4 axb4 28.Qxb4 Qc7 29.Bf3 Nxf3+
30.gxf3 Qc6 31.e4 f5 32.exf5 exf5 33.Rd5 f4 34.g4 h6 35.Qc3 Rf6 36.Nb5 Bf7
37.Na7 Qa4 38.Rxd7 Qxc4 39.Qxc4 Bxc4 40.Rc7 Rf7 41.Rxc4 Rxa7 42.a4 Rba8 43.Rdd4 Ra5
44.Rb4 g5 45.Kf1 R8a7 46.Ke2 Re7+ 47.Kd3 Re6 48.Rbc4 Kf7 49.Re4 Rd6+ 50.Kc3 Rad5
51.Rcd4 Rc5+  1/2-1/2

[Event "TCh-FIN SM 2012-13"]
[Site "Helsinki FIN"]
[Date "2012.09.30"]
[Round "2.4"]
[White "Koskinen,Hen"]
[Black "Parkkinen,J"]
[Result "1/2-1/2"]
[WhiteElo "2257"]
[BlackElo "2164"]

1.c4 b6 2.Nc3 Bb7 3.e4 e5 4.Nf3 Nc6 5.d3 g6 6.Be2 Bg7 7.Bg5 f6 8.Be3 Nge7
9.O-O O-O 10.d4 exd4 11.Nxd4 f5 12.exf5 Nxd4 13.Bxd4 Nxf5 14.Bxg7 Kxg7 15.Bf3 Bxf3
16.Qxf3 d6 17.Nd5 Kg8 18.Rad1 Ne7 19.Nxe7+ Qxe7 20.Qc6 a5 21.Rd3 Rae8 22.Re3 Qf7
23.Rf3 Qe7 24.Rxf8+ Rxf8  1/2-1/2

[Event "3rd Copa Latino-Americana"]
[Site "Cali COL"]
[Date "2012.10.05"]
[Round "2.18"]
[White "Salcedo,Di"]
[Black "Nunez V,G"]
[Result "0-1"]
[WhiteElo "2014"]
[BlackElo "2234"]

1.c4 b6 2.Nc3 c5 3.e3 Nf6 4.Nf3 e6 5.d4 Be7 6.e4 cxd4 7.Nxd4 d6 8.Be2 Bb7
9.Qa4+ Qd7 10.Qxd7+ Nbxd7 11.f3 O-O 12.O-O d5 13.cxd5 Bc5 14.Be3 exd5 15.Bb5 dxe4
16.fxe4 Ng4  0-1

[Event "TATA 50th ch-IND National Premier"]
[Site "Kolkata IND"]
[Date "2012.10.06"]
[Round "6.12"]
[White "Anurag,M"]
[Black "Saptarshi,R"]
[Result "1-0"]
[WhiteElo "2349"]
[BlackElo "2419"]

1.c4 b6 2.Nc3 e6 3.Nf3 Bb7 4.g3 g5 5.h3 Bg7 6.Bg2 h6 7.b3 Ne7 8.Bb2 d6 9.d4 Nd7
10.e4 a6 11.Qe2 Ng6 12.Rd1 Qe7 13.Ba3 c5 14.O-O h5 15.e5 g4 16.Nh2 Bxg2 17.Kxg2 dxe5
18.dxc5 Nxc5 19.hxg4 Qb7+ 20.Kg1 e4 21.Bxc5 Bxc3 22.Bd4 Bxd4 23.Rxd4 f5 24.gxf5 exf5
25.Rfd1 h4 26.Qd2 Ne7 27.Rd8+ Kf7 28.Rd7 Qc6 29.Qg5 Qf6 30.Rxe7+ Qxe7 31.Qxf5+ Ke8
32.Rd5 Rh6 33.Re5 Ra7 34.Ng4 Rd6 35.Nf6+ Kd8 36.Rxe7 Rxe7 37.Nd5 e3 38.Qf8+  1-0

[Event "TCh-AUT 2 East 2012-13"]
[Site "Austria AUT"]
[Date "2012.10.07"]
[Round "2.4"]
[White "Linnert,Peter"]
[Black "Wagner,Stef AUT"]
[Result "0-1"]
[WhiteElo "2044"]
[BlackElo "2178"]

1.c4 b6 2.Nc3 Bb7 3.e4 e6 4.Nf3 Bb4 5.a3 Bxc3 6.bxc3 Bxe4 7.d3 Bb7 8.Be3 f5
9.c5 Nf6 10.c4 O-O 11.Be2 Qe7 12.cxb6 axb6 13.Qb3 Nc6 14.O-O Na5 15.Qb2 d6
16.d4 Ne4 17.Bc1 Ba6 18.Qc2 c5 19.Bb2 Rac8 20.d5 exd5 21.cxd5 Bxe2 22.Qxe2 Qb7
23.Rfd1 b5 24.Rab1 Nc4 25.Bc1 Nc3 26.Qxc4 bxc4 27.Rxb7 Nxd1 28.Bf4 Nc3 29.Bxd6 Rf7
30.Rb2 Rd7 31.Bxc5 Rxc5  0-1

[Event "TCh-ISL 2012-13"]
[Site "Reykjavik ISL"]
[Date "2012.10.07"]
[Round "4.1"]
[White "Gunnarsson,Arn"]
[Black "Jensson,E"]
[Result "1-0"]
[WhiteElo "2441"]
[BlackElo "2312"]

1.c4 b6 2.Nf3 Bb7 3.e3 e6 4.b3 f5 5.g3 Qf6 6.Nc3 g5 7.Bg2 g4 8.Nh4 Bxg2 9.Nxg2 Nc6
10.d4 O-O-O 11.Bb2 Bb4 12.a3 Bxc3+ 13.Bxc3 d5 14.cxd5 exd5 15.b4 Qf7 16.Qd3 Nce7
17.b5 Kb8 18.Bb4 Ng6 19.h4 gxh3 20.Rxh3 h5 21.f3 Qe6 22.Kf2 f4 23.Rah1 fxe3+
24.Qxe3 Qf5 25.g4 Qd7 26.Rxh5 Nf6 27.Rxh8 Nxh8 28.Qe7  1-0

[Event "TATA 50th ch-IND National Premier 2012"]
[Site "Kolkata IND"]
[Date "2012.10.12"]
[Round "11.7"]
[White "Anurag,M"]
[Black "Swayams,M"]
[Result "0-1"]
[WhiteElo "2349"]
[BlackElo "2393"]

1.c4 b6 2.Nc3 Bb7 3.Nf3 e6 4.g3 f5 5.Bg2 Nf6 6.d3 Bb4 7.Qc2 O-O 8.a3 Be7
9.b3 a6 10.Bb2 Qe8 11.h3 Nc6 12.Rg1 d6 13.e3 Rb8 14.Ne2 Nd8 15.Bh1 e5 16.d4 Be4
17.Qd1 exd4 18.Nfxd4 c5 19.f3 cxd4 20.fxe4 Nxe4 21.Qxd4 Bf6 22.Qd5+ Kh8 23.Bxf6 Nxf6
24.Qxd6 Nf7 25.Qf4 Ne5 26.Rd1 Qe7 27.Rf1 Rbe8 28.Kf2 Nfg4+ 29.hxg4 fxg4 30.Kg1 Rxf4
31.exf4 Nxc4 32.Nd4 Ne3 33.Rfe1 Nxd1 34.Rxd1  0-1

[Event "4th Marcel Duchamp Open"]
[Site "Buenos Aires ARG"]
[Date "2012.10.28"]
[Round "6.16"]
[White "Leeuw,P"]
[Black "Villarreal,H"]
[Result "1/2-1/2"]
[WhiteElo "2042"]
[BlackElo "2166"]

1.c4 b6 2.Nc3 Bb7 3.e4 c5 4.g3 Nc6 5.Bg2 d6 6.Nge2 Nf6 7.d4 cxd4 8.Nxd4 Nxd4
9.Qxd4 g6 10.O-O Bg7 11.Bg5 h6 12.Bd2 O-O 13.Qe3 Ng4 14.Qe2 Ne5 15.Rad1 Rc8
16.b3 Nc6 17.Nd5 Nd4 18.Qd3 e6 19.Nc3 Kh7 20.Be3 Nc6 21.Nb5 d5 22.exd5 exd5
23.cxd5 Nb4 24.Qd2 a5 25.Rc1 Qd7 26.Nd4 Bxd5 27.Ne2 Qb7 28.Bxd5 Nxd5 29.Bd4 Nf6
30.Qb2 Qf3 31.Nf4 Rc6 32.Rxc6 Qxc6 33.Rc1 Qd6 34.Be5 Qd8 35.Rc6 Qd1+ 36.Kg2 Nd5
37.Bxg7 Nxf4+ 38.gxf4 Qg4+ 39.Kf1 Qd1+ 40.Kg2 Qg4+  1/2-1/2

[Event "TCh-FIN SM 2012-13"]
[Site "Espoo FIN"]
[Date "2012.10.28"]
[Round "5.6"]
[White "Hentunen,A"]
[Black "Gamback,B"]
[Result "1-0"]
[WhiteElo "2322"]
[BlackElo "2163"]

1.c4 b6 2.e4 Bb7 3.Nc3 c5 4.d4 cxd4 5.Qxd4 Nc6 6.Qe3 d6 7.Nf3 g6 8.Be2 Bg7
9.O-O Nf6 10.Rd1 Ng4 11.Qd2 O-O 12.b3 Nge5 13.Ng5 Nd7 14.Bb2 Nc5 15.Nf3 Rc8
16.Rac1 Rc7 17.Ba3 Qa8 18.Nd5 Rd7 19.Qe3 Re8 20.b4 Ne6 21.c5 bxc5 22.bxc5 Ne5
23.cxd6 exd6 24.Nxe5 Bxe5 25.Bb5 Rde7 26.Nxe7+ Rxe7 27.Bxd6 Bxd6 28.Rxd6 Bxe4
29.Bc6 Qb8 30.Rd7 Rxd7 31.Bxd7 Qb7 32.Bxe6 fxe6 33.f3 Bd5 34.a3 a5 35.Qc5 a4
36.Qc8+ Qxc8 37.Rxc8+ Kg7 38.Rc7+ Kf6 39.Rxh7 Ke5 40.Rh4 Bb3 41.Kf2 Kd5 42.Ke3 Bc4
43.Rg4 Kc5 44.Kd2 Kb5 45.Kc3 Bd5 46.Rxg6 Kc5 47.Rg5 Kb5 48.h4  1-0

[Event "Vizag GM Open 2012"]
[Site "Visakhapatnam IND"]
[Date "2012.11.01"]
[Round "9.8"]
[White "Gagare,Shar"]
[Black "Rahman,Zia"]
[Result "1/2-1/2"]
[WhiteElo "2366"]
[BlackElo "2502"]

1.c4 b6 2.Nc3 Bb7 3.e4 e5 4.g3 Nc6 5.Bg2 Bc5 6.Nge2 h5 7.h3 Nge7 8.a3 a5
9.d3 Nd4 10.Nxd4 Bxd4 11.Ne2 Nc6 12.Nxd4 Nxd4 13.Be3 Ne6 14.h4 a4 15.Qd2 Qe7
16.f4 Nc5 17.Bxc5 Qxc5 18.O-O-O b5 19.fxe5 bxc4 20.d4 Qb6 21.d5 O-O 22.Bh3 Bc8
23.Rhf1 c3 24.Qxc3 Ra5 25.Qd4 Rc5+ 26.Kb1 Ba6 27.Rf2 Bc4 28.b4 axb3 29.e6 dxe6
30.dxe6 Qd6 31.Qxd6 cxd6 32.Rxd6 fxe6 33.Bxe6+ Bxe6 34.Rxf8+ Kxf8 35.Rxe6 Kf7
36.Rb6 Rc3 37.Rb5 Rxg3 38.Rxh5 Rg2 39.Rf5+ Ke6 40.Rg5 Rh2 41.h5 Kf6 42.Rb5 Kf7
43.a4 Re2 44.e5 Ra2 45.a5 Ke6 46.Rc5 Kf5 47.Rd5 Ke6 48.Rb5 Kf5 49.Rc5  1/2-1/2

[Event "11th Kheireddine Ameyar Mem 2012"]
[Site "Algiers ALG"]
[Date "2012.11.16"]
[Round "2.6"]
[White "Lazic,Mir"]
[Black "Zaibi,A"]
[Result "1-0"]
[WhiteElo "2464"]
[BlackElo "2271"]

1.c4 b6 2.d4 Bb7 3.Nc3 e6 4.f3 Bb4 5.Qd3 f5 6.a3 Bxc3+ 7.Qxc3 Nf6 8.e3 O-O
9.Bd3 d6 10.Ne2 Nbd7 11.b3 Qe7 12.Bb2 Rae8 13.O-O Nh5 14.Nf4 Qg5 15.d5 e5
16.Nxh5 Qxh5 17.f4 Bc8 18.Rf3 Rf6 19.Rg3 Rg6 20.Rxg6 hxg6 21.Rf1 Rf8 22.Qc2 Qh4
23.fxe5 Nxe5 24.Bd4 Qg5 25.Qd2 Re8 26.Be2 Bb7 27.Bf3 a5 28.a4 Bc8 29.Bd1 Bd7
30.h3 Qg3 31.Qf2 Qg5 32.Bc2 Qe7 33.Qg3 Qf6 34.Kh1 Rf8 35.Qh2 Qe7 36.Qg3 g5
37.Qe1 Rf6 38.Kg1 Rf7 39.Qa1 f4 40.Qd1 Rf6 41.exf4 gxf4 42.Qe1 Rf8 43.Qd1 Qg5
44.Bxe5 Qxe5 45.Qf3 Bf5 46.Bxf5 Rxf5 47.Rf2 Qe1+ 48.Kh2 Qe3 49.Qxe3 fxe3
50.Re2 Re5 51.Kg3 Kf7 52.Kf3 Kg6 53.Rxe3 Rf5+ 54.Ke2 Rf7 55.g3 Rd7 56.Kf3 Kf6
57.Re6+ Kg5 58.Re4 Rf7+ 59.Kg2  1-0

[Event "22nd World Seniors Open"]
[Site "Kamena Vourla GRE"]
[Date "2012.11.17"]
[Round "5.53"]
[White "Lachat,Martin"]
[Black "Altykenov,Toleugali"]
[Result "1-0"]
[WhiteElo "1675"]
[BlackElo "1589"]

1.c4 b6 2.Nc3 Bb7 3.d4 e6 4.e3 Qe7 5.Nf3 Nc6 6.g3 g5 7.Bg2 g4 8.Nd2 h5 9.a3 O-O-O
10.b4 f5 11.f3 h4 12.fxg4 hxg3 13.hxg3 Rxh1+ 14.Bxh1 Qg5 15.Nf1 fxg4 16.Ne4 Qh5
17.Nf2 Kb8 18.Qxg4 Qh8 19.Bb2 Nf6 20.Qe2 d5 21.c5 Qh7 22.Bf3 Be7 23.Bc3 Rf8
24.b5 Nd8 25.c6 Ba8 26.a4 Bd6 27.a5 Qe7 28.axb6 cxb6 29.g4 Nh7 30.Ra4 Ng5
31.Bg2 Rf7 32.Nd3 Qc7 33.Bb4 Bg3+ 34.Nxg3 Qxg3+ 35.Kd2 Ne4+ 36.Bxe4 dxe4
37.Nf4 Rh7 38.Bd6+ Kc8 39.Qc4 Rh2+ 40.Ne2 Rxe2+ 41.Kxe2 Qxd6 42.Rxa7 Bxc6
43.bxc6 Nxc6 44.Qa6+ Kd8 45.Qxb6+ Ke8 46.Ra8+ Kf7 47.Qb7+ Kf6 48.Qh7 Qe7
49.Qxe4 Nd8 50.Qe5+ Kf7 51.Rc8 Ke8 52.e4 Qf8 53.Qxe6+ Qe7 54.Qxe7+ Kxe7 55.Rxd8 Kxd8
56.Ke3 Ke7 57.Kf4 Kf6 58.d5 Ke7 59.e5 Kf7 60.Kf5 Ke7 61.g5 Kf7 62.d6 Ke8
63.e6 Kf8 64.Kf6 Ke8 65.g6 Kf8 66.d7  1-0

[Event "11th Kheireddine Ameyar Mem 2012"]
[Site "Algiers ALG"]
[Date "2012.11.21"]
[Round "9.13"]
[White "Nouali,Djouher"]
[Black "Houimel,Omar"]
[Result "0-1"]
[WhiteElo "1718"]
[BlackElo "1753"]

1.c4 b6 2.Nc3 Bb7 3.d4 Nf6 4.d5 e6 5.dxe6 fxe6 6.e4 e5 7.Bg5 Bb4 8.Bd3 Bxc3+
9.bxc3 d6 10.Qe2 Nbd7 11.a4 a5 12.Nh3 Nc5 13.O-O Qe7 14.Bc2 O-O-O 15.f3 h6
16.Be3 Nfd7 17.Nf2 g5 18.Nd3 Ne6 19.Qf2 Nf4 20.Rab1 Rdf8 21.c5 Nxc5 22.Nxc5 dxc5
23.Rfd1 g4 24.Kh1 h5 25.Qg3 Rhg8 26.Bxf4 exf4 27.Qf2 g3 28.Qg1 gxh2 29.Qxh2 h4
30.Qh3+ Kb8 31.Rd7 Qe5 32.Bb3 Rh8 33.Rbd1 Bc8 34.Be6 Bxd7 35.Rxd7 Qxc3  0-1

[Event "3rd Thanksgiving Open"]
[Site "Saint Louis USA"]
[Date "2012.11.23"]
[Round "1.1"]
[White "McLaughlin,James F"]
[Black "Meier,Geo"]
[Result "0-1"]
[WhiteElo "2081"]
[BlackElo "2642"]

1.c4 b6 2.Nc3 Bb7 3.d4 e6 4.Nf3 Bb4 5.Bg5 Ne7 6.e3 f6 7.Bf4 Bxc3+ 8.bxc3 d6
9.Bd3 e5 10.dxe5 dxe5 11.Bxe5 fxe5 12.Nxe5 Qd6 13.f4 Nd7 14.c5 Qe6 15.Bb5 c6
16.Bc4 Nd5 17.O-O Nxe5 18.fxe5 Qxe5 19.e4 Nf6 20.Rf5 Qe7 21.cxb6 axb6 22.Qb3 b5
23.Bxb5 cxb5 24.Qxb5+ Qd7 25.Qe5+ Kf7 26.Raf1 Rhe8 27.Rxf6+ gxf6 28.Qxf6+ Kg8  0-1

[Event "Lleida IM Closed 2012"]
[Site "Lleida ESP"]
[Date "2012.12.06"]
[Round "1.4"]
[White "Martinez Lopez,I"]
[Black "Esplugas Esteve,V1"]
[Result "0-1"]
[WhiteElo "2284"]
[BlackElo "2233"]

1.c4 b6 2.Nc3 Bb7 3.e4 e6 4.Nge2 c5 5.g3 Nf6 6.Bg2 d6 7.O-O Nc6 8.d4 cxd4
9.Nxd4 Rc8 10.Nxc6 Bxc6 11.Qd3 Be7 12.Rd1 Nd7 13.Bf4 Ne5 14.Qe2 Qc7 15.Rac1 O-O
16.Nd5 Qb7 17.Nxe7+ Qxe7 18.Bd2 Nd7 19.Bc3 Rfd8 20.b3 Nc5 21.Qg4 e5 22.Rd2 Qb7
23.f3 b5 24.Rcd1 Qc7 25.Qh4 bxc4 26.bxc4 Ba4 27.Rc1 Ne6 28.Bf1 Qc5+ 29.Rf2 Rb8
30.Ba1 Qe3 31.Rc3 Qe1 32.Ra3 Nc5 33.Bb2 Rd7 34.Qg5 Rdb7 35.Re3 Qd1 36.Ba3 Ne6
37.Qh4 Rb1 38.Kg2 Bc2 39.Qe7 Qd4 40.Ree2 Bd3 41.Bb2 Qxc4 42.Qxd6 R8xb2 43.Rxb2 Bxf1+
44.Kg1 Rxb2 45.Rxb2 h6 46.Qxe5 Bh3 47.Kf2 Qf1+ 48.Ke3 Qe1+ 49.Re2 Qc1+ 50.Kf2 Qf1+
51.Ke3 Qg1+ 52.Rf2 Qd1 53.Rd2 Qa4 54.Kf2 Qa3 55.Qd6 Qc1 56.Rd1 Qc2+ 57.Rd2 Qc1
58.Rd1 Qc2+ 59.Rd2 Qb1 60.Qd3 Qh1 61.Ke3 Ng5 62.Qe2 Qg1+ 63.Qf2 Qc1 64.Qe2 Qc5+
65.Kd3 Bc8  0-1

[Event "Lleida IM Closed 2012"]
[Site "Lleida ESP"]
[Date "2012.12.07"]
[Round "3.3"]
[White "Martinez Lopez,I"]
[Black "Mellado Trivino,J"]
[Result "1/2-1/2"]
[WhiteElo "2284"]
[BlackElo "2450"]

1.c4 b6 2.Nc3 Bb7 3.e4 e5 4.g3 f5 5.d3 Nf6 6.Bg2 fxe4 7.Nge2 Bc5 8.O-O O-O
9.h3 Nc6 10.dxe4 Nd4 11.Be3 Ne6 12.Qd3 Bxe3 13.fxe3 Nc5 14.Qc2 a5 15.Rf5 d6
16.Raf1 g6 17.R5f2 Qe7 18.g4 Nfd7 19.Rxf8+ Rxf8 20.Rxf8+ Kxf8 21.Ng3 Qg5
22.Qf2+ Qf6 23.b3 Qxf2+ 24.Kxf2 Ke7 25.Ke2 Ba6 26.Kd2 Ne6 27.Bf1 c6 28.Be2 Nc7
29.g5 b5 30.cxb5 cxb5 31.Nd5+ Nxd5 32.exd5 Nc5 33.Bd3 Nxd3 34.Kxd3 b4+ 35.Kd2 Bb7
36.e4 Kd7 37.Nf1 Ba6 38.Ne3 Kc7 39.Ng4 Bc8 40.Nf6 Bxh3 41.Nxh7 Bd7 42.Nf8 Be8
43.Ne6+ Kb6 44.Ke3 Bd7 45.Nf8  1/2-1/2